Výsledky riešenia končiacich grantových úloh VEGA 1/0261/10, 1/0872/09, 1/0384/10, 1/0415/10 zborník vedeckých statí
Salvato in:
| Ente Autore: | |
|---|---|
| Altri autori: | , , |
| Natura: | Libro |
| Lingua: | slovacco |
| Pubblicazione: |
Bratislava
Vydavateľstvo EKONÓM
2011
|
| Soggetti: | |
| Tags: |
Nessun Tag, puoi essere il primo ad aggiungerne!!
|
MARC
| LEADER | 00000nam a2200000 4500 | ||
|---|---|---|---|
| 001 | 0145055 | ||
| 005 | 20240613102502.3 | ||
| 020 | |a 978-80-225-3330-0 | ||
| 041 | 0 | |a slo | |
| 044 | |a SK | ||
| 245 | 1 | 0 | |a Výsledky riešenia končiacich grantových úloh VEGA 1/0261/10, 1/0872/09, 1/0384/10, 1/0415/10 |b zborník vedeckých statí |c redakčné a zostaviteľské práce Eduard Hyránek, Ladislav Nagy |
| 264 | 1 | |a Bratislava |b Vydavateľstvo EKONÓM |c 2011 | |
| 300 | |a 123 s. | ||
| 610 | 2 | 0 | |a výkonnosť |
| 610 | 2 | 0 | |a rozhodovanie podnikové |
| 610 | 2 | 0 | |a rozhodovanie finančné |
| 610 | 2 | 0 | |a hodnota trhová |
| 610 | 2 | 0 | |a hodnota podniku |
| 610 | 2 | 0 | |a ohodnocovanie podniku |
| 610 | 2 | 0 | |a riadenie podnikové |
| 610 | 2 | 0 | |a riadenie finančné |
| 610 | 2 | 0 | |a globalizácia hospodárstva |
| 610 | 2 | 0 | |a Slovensko |
| 700 | 1 | |a Hyránek, Eduard, 1955- | |
| 700 | 1 | |a Nagy, Ladislav | |
| 700 | 1 | |a Lénártová, Gizela | |
| 710 | 2 | |a Fakulta podnikového manažmentu EU. Katedra podnikových financií | |